000
00286nam a2200121Ia 4500
005
20251222140049.0
008
251222s1900||||xx |||||||||||||| ||spa||
082
_a
148/B64
100
_a
Blondel, Maurice
245
0
_a
Historia y Dogma
264
_b
Cristianisme i JustÃcia
942
_c
LIB
999
_c
3544
_d
3544